00737nam a2200169 i 450000100060000000300090000600500170001500700030003200800410003510000330007624501250010926000570023430000200029150501950031165000250050685200360053162394ES-MaACL20230906164647.0t|031120s1945 sp ||||1| spa d1 aFenech, Miguel (d1912-1987)10aCurso elemental de derecho procesal penal b: desarrollo sistemático del derecho positivo español / cMiguel Fenech. aBarcelona : bBosch, c1945 (fGraf. Administrativa) a3 v. ; c26 cm.8 aContiene: V. I: Conceptos fundamentales, sujetos y objeto del proceso penal. -- V. II: Actos del proceso penal. -- V. III: Procedimientos, casación y revisión : efectos del proceso penal 4aProcedimiento penal. aES-MaACLjB-10700-702 bR.22198